| 000 | 01678nam a22003137a 4500 | ||
|---|---|---|---|
| 001 | 4583 | ||
| 003 | FISKH | ||
| 005 | 20240917123000.0 | ||
| 008 | 240917b cb ||||| |||| 00| 0 eng d | ||
| 020 | _a9789996389214 | ||
| 040 |
_aFISKH _bBilingual _cFISKH _dFISKH |
||
| 050 | _aPZ7 | ||
| 082 | _a800 | ||
| 100 |
_aAnonymous _eauthor |
||
| 245 |
_aក្រសារនិងកញ្ជ្រោង / _cby Anonymous |
||
| 250 | _aបោះពុម្ពឆ្នាំ២០១៥ | ||
| 260 |
_aភ្នំពេញ : _bអផ្សុក ; _c២០១៥ . |
||
| 300 |
_a12 pages : _bcolor illustrations ; _c22 cm . |
||
| 490 | _aនិទានអប់រំសម្រាប់កុមារ | ||
| 505 | _aH | ||
| 520 | _aក្រសារនិងកញ្ជ្រោងជាសម្លាញ់នឺងគ្នា។ថ្ងៃមួយកញ្ជ្រោងចង់ធ្វើបាបក្រសារ វាអោយក្រសារលិទ្ធទឺកស៊ុបក្នុងចានដោយជំពុះវែងជាមិនអាចលិទ្ធបានក្រោយមកកព្ជ្រោងក៏នឹកស្តាយកំហុសដែលធ្វើបាបមិត្តវា ។ | ||
| 520 | _aStork and the fox are friends. One day, the fox wanted to hurt strok, so he let stork licked the soup in the bowl with a long beak that he could not lick. Later,fox regretted the mistake of hurting his friend. | ||
| 521 | 8 |
_a430
_bLexile estimate |
|
| 521 | 8 |
_aH
_bRaz-Plus |
|
| 650 | _aសម្លាញ់ | ||
| 650 | _afriends | ||
| 942 |
_2ddc _cKHB _n0 |
||
| 999 |
_c4583 _d4583 |
||